00686cam a22002417a 4500003000500000005001700005008004100022010000900063011000900072035000900081040000900090082001600099111010600115245001600221260007600237300001100313650002300324650001900347650002300366700001700389700002100406700001700427CHAP20220329133524.0971013s1991 r 10010 d a7379 a8351 a7577 cCHAP a595.774bI500aInternational Symposium on the Biology and Control of Fruit Flies (d1991c: Ginowan, Okinawa, Japan) 0aProceedings a[Ginowan, Japan] :bThe Food and Fertilizer of Technology Center,c1991 a360 p.14aControl de plagas.14aFrutaxPlagas.14aMosca de la fruta.0 aIwahashi, O.0 aKaneshiro, K. Y.0 aKawasaki, K.